| Tag |
First Indicator |
Second Indicator |
Subfields |
| LEADER |
00000cam a2200000 i 4500 |
| 001 |
in00005779364 |
| 005 |
20260421192501.9 |
| 008 |
750626s1964 nyu 000 0 eng d |
| 040 |
|
|
|a SUC
|b eng
|c SUC
|d OCLCG
|d OCLCQ
|d OCLCA
|d AZU
|d OCLCF
|d OCLCO
|d OCLCQ
|d OCLCL
|d LS1
|d OCLCO
|d OCLCL
|d TXA
|
| 035 |
|
|
|a (OCoLC)1413706
|
| 050 |
|
4 |
|a PS3523.O465
|b M5 1964
|
| 082 |
|
4 |
|a 813/.52
|q OCoLC
|2 22/eng/20230216
|1 https://id.oclc.org/worldcat/ddc/E4cRqyPmDGTW4hMTxfXKrk8fwT
|
| 100 |
1 |
|
|a Long, Frank Belknap,
|d 1901-1994.
|1 https://id.oclc.org/worldcat/entity/E39PBJjt8yVDMWRQGJ98GbWJjC
|
| 245 |
1 |
0 |
|a Mission to a star /
|c Frank B. Long.
|
| 260 |
|
|
|a New York :
|b Avalon Books,
|c ©1964.
|
| 300 |
|
|
|a 192 pages ;
|c 20 cm
|
| 336 |
|
|
|a text
|b txt
|2 rdacontent
|
| 337 |
|
|
|a unmediated
|b n
|2 rdamedia
|
| 338 |
|
|
|a volume
|b nc
|2 rdacarrier
|
| 650 |
|
0 |
|a Science fiction, American.
|
| 650 |
|
7 |
|a Science fiction, American
|2 fast
|
| 655 |
|
7 |
|a Science fiction.
|2 lcgft
|
| 758 |
|
|
|i has work:
|a Mission to a star (Text)
|1 https://id.oclc.org/worldcat/entity/E39PCGBGT7V9MkM9V3tTGYjmbd
|4 https://id.oclc.org/worldcat/ontology/hasWork
|
| 029 |
1 |
|
|a AU@
|b 000072203735
|
| 994 |
|
|
|a Z0
|b TXA
|
| 948 |
|
|
|h HELD BY TXA - 26 OTHER HOLDINGS
|
| 999 |
f |
f |
|i 061f7145-234a-41c7-bdc0-c27683fff192
|s 220161b5-bdcd-4282-977a-a706d2efdbfb
|t 0
|
| 952 |
f |
f |
|p noncirc
|a Texas A&M University
|b College Station
|c Cushing Memorial Library & Archives
|s cush scif
|d Cushing: Science Fiction (Does not check out)
|t 0
|e PS3523.O465 M5 1964
|h Library of Congress classification
|i unmediated -- volume
|m A14853435639
|
| 998 |
f |
f |
|a PS3523.O465 M5 1964
|t 0
|l Cushing: Science Fiction (Does not check out)
|